LEADER 01236nam a2200301 a 4500 001 000000131532 003 CaOOAMICUS 005 20121122115022.0 008 121122s1995 it bd u000 u ita r 020 $z88-428-0133-X* 040 $aPUL$bita 041 1 $aita$hfre 100 1 $aBraudel, Fernand,$d1902-1985.$0(OLS)http://pul/name/31374 240 10$aIdentité de la France.$lItaliano.$0(OLS)http://pul/title/166157 245 12$aL'identità della Francia :$bspazio e storia /$cFernand Braudel. 260 $aMilano :$bIl Saggiatore,$c1995. 300 $a361 p. :$bc. geogr., grafici ;$c20 cm 490 1 $aIl saggiatore economici ;$v46 651 4$aFrancia$xGeografia.$0(OLS)http://pul/subject/25190 830 3$aIl Saggiatore economici ;$v46.$0(OLS)http://pul/title/24798 850 $aPUL 852 $aPUL$W1$xDP1 Fondo E. Rossi$y115$m1 B 146$j151799$qFondi$B150741$CPULBib$Z2$F150741 $82 941 1 $a1 961 $aSul dorso collocazione ms. di E. Rossi: B 84 2 996 $6020$z88-428-0133-X*$9(OLS)http://pul/number/151145 996 $6245$aL'identità della Francia :$bspazio e storia$9(OLS)http://pul/title/166158 996 $6260$aMilano :$bIl Saggiatore$9(OLS)http://pul/publisher/49408 LEADER 01410nam a2200277 u 4500 001 000000015393 003 CaOOAMICUS 005 20070226105856.0 008 940517s1953 it u000 u ita u 035 $a10359960 040 $aPUL(R)$bita 100 1 $aNosengo, Gesualdo,$d1906-1968.$0(OLS)http://pul/name/13883 245 12$aL'adolescente e Dio :$bsaggio di studio sperimentale di un tema di didattica religiosa /$cGesualdo Nosengo ; presentazione di Mons. Pietro Parente. 260 $aRoma :$bUnione Cattolica Italiana Insegnanti Medi,$c1953. 300 $a119 p. ;$c21 cm 504 $aBibliografia p. 117. 650 4$aAdolescenti.$0(OLS)http://pul/subject/7187 650 4$aReligione$xInsegnamento$xStoria.$0(OLS)http://pul/subject/10757 650 4$aEducazione religiosa.$0(OLS)http://pul/subject/10758 850 $aPUL 852 $aPUL$W1$xDP1 Fondo Venturi$y52$m1551 C 49$j21552$nBK-PRI$b $qFondi$B21552$CPULBib$Z2$F21552 $H $81 852 $aPUL$W1$xDP1 Fondo Gelio$y54$m1 C 15$j21553$nBK-PRI$b $qFondi$B21553$CPULBib$Z2$F21553 $H $81 941 1 $a1 961 $aINV: Fondo Venturi 996 $6245$aL'adolescente e Dio :$bsaggio di studio sperimentale di un tema di didattica religiosa$9(OLS)http://pul/title/22095 996 $6260$aRoma :$bUnione Cattolica Italiana Insegnanti Medi$9(OLS)http://pul/publisher/58730